Koncepčný návrh závitovkového dopravníka na prepravu sypkých materiálov
Enregistré dans:
| Auteur principal: | |
|---|---|
| Autres auteurs: | |
| Format: | Manuscrit Livre |
| Langue: | slovaque |
| Publié: |
2015
|
| Sujets: | |
| Accès en ligne: | http://is.stuba.sk/zp/portal_zp.pl?podrobnosti=99412 |
| Tags: |
Pas de tags, Soyez le premier à ajouter un tag!
|
MARC
| LEADER | 00000ntm a22000003a 4500 | ||
|---|---|---|---|
| 001 | stuzp52462 | ||
| 003 | SK-STU | ||
| 005 | 20160719154158.7 | ||
| 007 | ta | ||
| 008 | 150427s2015----xo-----f-mn---000-0-slo-d | ||
| 040 | |a STU |b slo | ||
| 041 | 0 | |a slo | |
| 100 | 1 | |a Kolečáni, Tomáš |u 020030 |4 aut |U SjF Strojnícka fakulta |T SjF Ústav dopravnej techniky a konštruovania |X 55246 |U J0030 |Y 806 |7 55246 | |
| 242 | 0 | 1 | |a The conceptual design of the screw conveyor for the mealy materials transportation. |y eng |
| 245 | 1 | 0 | |a Koncepčný návrh závitovkového dopravníka na prepravu sypkých materiálov |
| 260 | |c 2015 | ||
| 650 | 4 | |a závitovkový dopravník |2 slo | |
| 650 | 4 | |a sypký materiál |2 slo | |
| 650 | 4 | |a závitovka |2 slo | |
| 650 | 4 | |a screw |2 eng | |
| 650 | 4 | |a Screw conveyor |2 eng | |
| 650 | 4 | |a mealy material |2 eng | |
| 700 | 1 | |a Izrael, Gregor |4 ths |X 28207 |7 A000028207 | |
| 856 | 4 | |u http://is.stuba.sk/zp/portal_zp.pl?podrobnosti=99412 | |
| 996 | |b 284J043783 |c J* 2073/BP |l JJSK |s A |a 24 |w stuzp52462_0001 | ||
| SQL | |a stuzp52462 |b DBP |c SLO |d Koncepčný návrh závitovkového dopravníka na prepravu sypkých materiálov |e 55246 |f Kolečáni, Tomáš |g 020030 |h 28207 |i Izrael, Gregor |j 20150616 |k 43 |l 02 |m http://is.stuba.sk/zp/portal_zp.pl?podrobnosti=99412 |n B-ALSM |o 5.2.4. motorové vozidlá, koľajové vozidlá, lode a lietadlá | ||